000 00512nam a2200157 i 4500
001 21596
003 ES-MaACL
005 20230906152518.0
007 t|
008 021126s1880 sp ||||1| spa d
100 1 _aAlcalde Prieto, Domingo.
_919488
245 1 0 _aCurso teórico-práctico, sinóptico-bibliográfico de Derecho Civil español común y foral /
_cDomingo Alcalde Prieto.
260 _aValladolid :
_b[s.n.],
_c1880 (
_fHijos de Rodríguez)
300 _a419 p. ;
_c24 cm.
852 _aES-MaACL
_jD-542
999 _c21596
_d21596